000 00897 a2200229 4500
001 41054
005 20260407155704.0
008 260407a2006 arg spa d
003 AR-UNSa-BCEJYS
040 _aAR-UNSa-BCEJYS
_bspa
_cAR-UNSa-BCEJYS
080 _a347.2
_xDerechos reales. Cosas. Bienes muebles
245 1 0 _aSistema de derechos reales
_pderechos reales de goce
020 _a950-894-562-1
264 1 _aBuenos Aires :
_bAD-HOC
_c2006
300 _a189 p.
_c20 cm.
505 _a1. La categoría de los derechos reales limitados - 2. El usufructo - 3. Los derechos de uso y habilitación - 4. Las servidumbres - 5. El derecho real de superficie forestal
041 _aspa
942 _cBK
590 _aniveau_biblio:m niveau_hierar:0
100 1 _aReina Tartiére, Gabriel de
856 4 1 _uhttps://biblioeco.unsa.edu.ar/pmb/images/libros/L126347.jpg
_yImagen de portada
_qimage/jpeg
999 _c3344
_d3344